| 000 -CABECERA |
| campo de control de longitud fija |
00858nam a2200241 u 4500 |
| 001 - NÚMERO DE CONTROL |
| campo de control |
000053454 |
| 005 - FECHA Y HORA DE LA ÚLTIMA TRANSACCIÓN |
| campo de control |
20200120222756.0 |
| 008 - DATOS DE LONGITUD FIJA--INFORMACIÓN GENERAL |
| campo de control de longitud fija |
120507s2010 sp gr 000 | spa d |
| 020 ## - NÚMERO INTERNACIONAL ESTÁNDAR DEL LIBRO |
| Número Internacional Estándar del Libro |
9789588613154 |
| 043 ## - CÓDIGO DE ÁREA GEOGRÁFICA |
| Código de área geográfica |
e-sp--- |
| 082 04 - NÚMERO DE LA CLASIFICACIÓN DECIMAL DEWEY |
| Número de clasificación |
303.6 |
| Número de documento/Ítem |
Y72 |
| Número de edición |
21 |
| 245 10 - MENCIÓN DE TÍTULO |
| Título |
Y refundaron la patria -- : |
| Resto del título |
de cómo mafiosos y políticos reconfiguraron el Estado colombiano / |
| Mención de responsabilidad, etc. |
edición de Claudia López Hernández. |
| 250 ## - MENCIÓN DE EDICIÓN |
| Mención de edición |
1a. ed. |
| 260 ## - PUBLICACIÓN, DISTRIBUCIÓN, ETC. |
| Lugar de publicación, distribución, etc. |
Bogotá : |
| Nombre del editor, distribuidor, etc. |
Random House Mondadori : |
| -- |
Debate, |
| Fecha de publicación, distribución, etc. |
2010. |
| 300 ## - DESCRIPCIÓN FÍSICA |
| Extensión |
524 p. |
| Material acompañante/anejo |
+ 1 CD |
| 500 ## - NOTA GENERAL |
| Nota general |
Incluye información biográfica del autor en la solapa. |
| 500 ## - NOTA GENERAL |
| Nota general |
Incluye índice. |
| 650 14 - PUNTO DE ACCESO ADICIONAL DE MATERIA--TÉRMINO DE MATERIA |
| Término de materia o nombre geográfico como elemento de entrada |
Violencia política |
| Subdivisión geográfica |
Colombia |
| 650 24 - PUNTO DE ACCESO ADICIONAL DE MATERIA--TÉRMINO DE MATERIA |
| Término de materia o nombre geográfico como elemento de entrada |
Poder (Ciencias sociales) |
| Subdivisión geográfica |
Colombia |
| 650 24 - PUNTO DE ACCESO ADICIONAL DE MATERIA--TÉRMINO DE MATERIA |
| Término de materia o nombre geográfico como elemento de entrada |
Paramilitarismo |
| Subdivisión geográfica |
Colombia |
| 650 24 - PUNTO DE ACCESO ADICIONAL DE MATERIA--TÉRMINO DE MATERIA |
| Término de materia o nombre geográfico como elemento de entrada |
Contrainsurgencia |
| Subdivisión geográfica |
Colombia |
| 700 1# - PUNTO DE ACCESO ADICIONAL--NOMBRE DE PERSONA |
| Nombre de persona |
López Hernández, Claudia, |
| Término indicativo de función/relación |
ed. |